000 01292nam0a2200337 4500
001 RU\NLR\BIBL_A\022351703
005 20260420015813.0
010 _a978-5-94223-051-7
_9200
021 _aRU
_bКН-П-24-051526
_9КН-П-24-5123
035 _a(NLR Aleph) 022351703
090 _a13667336
_c13667336
100 _a20241014d2024 u y0rusy50 ca
101 0 _arus
102 _aRU
105 _aachbz|||000zy
181 0 _ai2
_baxxe
181 0 _ab2
_bxb2e
182 0 _an
200 1 _aСмоленские баталии. В поисках истины
_fИгорь Ясинский
203 _aТекст
_aИзображение
_bвизуальные
_cнепосредственные
210 _aСмоленск
_cСмоленская городская типография
_d2024
215 _a141, [1] с.
_cцв. ил., портр., факс., карты
_d30
320 _aБиблиогр. в конце гл. в примеч.
333 _a16+
606 1 _aСмоленское сражение
_z1812
_92147170
_3RU\NLR\AUTH\661598136
686 1 _aЦ35(2)471.621
700 1 _aЯсинский
_bИ. К.
_gИгорь Константинович
942 _cBOOK
980 _aNB